| 000 | 00749cam a2200229 a 4500 | ||
|---|---|---|---|
| 001 | 000012824 | ||
| 005 | 20260330135551.0 | ||
| 008 | 991125s1999 ck b 000 0 spa | ||
| 020 | _a9586760715 | ||
| 040 |
_aDO-SdBNP _bspa _cLC _dBNPHU |
||
| 050 | 0 | 0 |
_aKHH484 _b.B46 1999 |
| 082 |
_a346.016861 _bB465d |
||
| 100 | 1 |
_aBenetti Ángel, Julio Ignacio. _929661 |
|
| 245 | 1 | 0 |
_aDerecho matrimonial colombiano : _banálisis crítico / _cJulio Ignacio Benetti Ángel. |
| 260 |
_aSantafé de Bogotá : _bDoctrina y Ley, _c1999. |
||
| 300 |
_axxi, 268 p. ; _c22 cm. |
||
| 504 | _aReferencia bibliográficas p. [257]-268. | ||
| 650 | 0 |
_aDerecho matrimonial _929662 |
|
| 650 | 0 |
_aParejas _929663 |
|
| 910 | _aCatalogación por copia / LC | ||
| 049 | _aBNGR | ||
| 999 |
_c12474 _d12474 |
||